Marketbeat retail snapshot United States (Record no. 84093)

MARC details
000 -LEADER
fixed length control field 01412cad a22002175a 4500
001 - CONTROL NUMBER
control field L156599
008 - FIXED-LENGTH DATA ELEMENTS--GENERAL INFORMATION
fixed length control field 120611e2012 xxk 000 0 eng d
035 ## - SYSTEM CONTROL NUMBER
System control number (Sirsi) u156599
041 0# - LANGUAGE CODE
Language code of text/sound track or separate title eng
110 2# - MAIN ENTRY--CORPORATE NAME
Corporate name or jurisdiction name as entry element Cushman & Wakefield
9 (RLIN) 5888
245 00 - TITLE STATEMENT
Title Marketbeat retail snapshot United States
Remainder of title Q1 2012
Medium [electronic resource]
260 ## - PUBLICATION, DISTRIBUTION, ETC.
Place of publication, distribution, etc. New York
Name of publisher, distributor, etc. Cushman & Wakefield
Date of publication, distribution, etc. 2012
490 #0 - SERIES STATEMENT
Series statement Cushman & Wakefield Marketbeat Retail Snapshot
Volume/sequential designation Q1 2012
520 ## - SUMMARY, ETC.
Summary, etc. Expansion of the US economy slowed during Q1 2012 but its overall direction remains positive. Retail metrics improved with total market vacancy ending the first quarter 2012 at 7.3%, with rates expected to move down further during the year. Absorption totaled 9.4 m sq ft since the beginning of 2012. Sales of significant retail properties totaled US$ 3.4bn in Q1 2012.
520 ## - SUMMARY, ETC.
Summary, etc. Economic overview -- retail market overview -- retail market activity -- outlook -- United States market highlights.
590 ## - LOCAL NOTE (RLIN)
Local note KA
651 #4 - SUBJECT ADDED ENTRY--GEOGRAPHIC NAME
Geographic name United States
690 ## - LOCAL SUBJECT ADDED ENTRY--TOPICAL TERM (OCLC, RLIN)
Topical term or geographic name as entry element Commercial property
9 (RLIN) 6227
856 40 - ELECTRONIC LOCATION AND ACCESS
Uniform Resource Identifier <a href="https://www.cushwake.com/cwglobal/jsp/kcLocalReportArchive.jsp?Country=GLOBAL&Language=EN&region=US&sector=ALL&catId=100004&city=ALL&_requestid=547256">https://www.cushwake.com/cwglobal/jsp/kcLocalReportArchive.jsp?Country=GLOBAL&Language=EN&region=US&sector=ALL&catId=100004&city=ALL&_requestid=547256</a>
Public note View the report after free registration (click on local market reports link, highlight United States in the Region box, click on search then click on item link) at www.cushwake.com
942 ## - ADDED ENTRY ELEMENTS (KOHA)
Suppress in OPAC 0
Holdings
Withdrawn status Lost status Source of classification or shelving scheme Damaged status Not for loan Home library Current library Shelving location Date acquired Total Checkouts Full call number Barcode Date last seen Copy number Price effective from Koha item type
    Dewey Decimal Classification     Virtual Virtual Online 11/06/2012   ONLINE PUBLICATION 156599-2001 06/08/2019 1 06/08/2019 Book